书目信息 |
| 题名: |
微分几何习题集
|
|
| 作者: | 杨文茂 , 傅朝金 , 程新跃 编著 | |
| 分册: | ||
| 出版信息: | 武汉 武汉大学出版社 2005.01 |
|
| 页数: | 190页 | |
| 开本: | 23cm | |
| 丛书名: | 新编数学习题集系列丛书 | |
| 单 册: | ||
| 中图分类: | O186.1-44 | |
| 科图分类: | ||
| 主题词: | 微分几何--wei fen ji he--习题 | |
| 电子资源: | ||
| ISBN: | 7-307-04322-X | |
| 000 | 00989nam 2200265 450 | |
| 001 | 0157130321 | |
| 005 | 20050420155425.90 | |
| 010 | @a7-307-04322-X@d18.00CNY | |
| 100 | @a20050420d2005 km y0chiy0121 ea | |
| 101 | 0 | @achi |
| 102 | @aCN@b420000 | |
| 105 | @ay q 000yy | |
| 200 | 1 | @a微分几何习题集@Awei fen ji he xi ti ji@f杨文茂,傅朝金,程新跃编著@Fyang wen mao,fu chao jin,cheng xin yue bian zhu |
| 210 | @a武汉@c武汉大学出版社@d2005.01 | |
| 215 | @a190页@d23cm | |
| 225 | 2 | @a新编数学习题集系列丛书@Axin bian shu xue xi ti ji xi lie cong shu |
| 330 | @a本书为高等院校微分几何课程的教学参考书。共四章:预备知识、曲线的基本理论、曲面的基本理论、曲线与曲面的整体性质。 | |
| 410 | 0 | @12001 @a新编数学习题集系列丛书 |
| 606 | 0 | @a微分几何@Awei fen ji he@j习题 |
| 690 | @aO186.1-44@v4 | |
| 701 | 0 | @a杨文茂@Ayang wen mao@4编著 |
| 701 | 0 | @a傅朝金@Afu chao jin@4编著 |
| 701 | 0 | @a程新跃@Acheng xin yue@4编著 |
| 801 | 0 | @aCN@bRULIN@c20050420 |
| 905 | @a10447@dO186.1-44@eF902 | |
| 微分几何习题集/杨文茂,傅朝金,程新跃编著.-武汉:武汉大学出版社,2005.01 |
| 190页;23cm.-(新编数学习题集系列丛书) |
| ISBN 7-307-04322-X:18.00CNY |
| 本书为高等院校微分几何课程的教学参考书。共四章:预备知识、曲线的基本理论、曲面的基本理论、曲线与曲面的整体性质。 |
| ● |
| 相关链接 |
|
|
|
正题名:微分几何习题集
索取号:O186.1-44/F902
 
预约/预借
| 序号 | 登录号 | 条形码 | 馆藏地/架位号 | 状态 | 备注 |
| 1 | 521221 | 205212214 | 自科库401/401自科库 76排1列5层/ [索取号:O186.1-44/F902] | 在馆 | |
| 2 | 521222 | 205212223 | 自科库401/401自科库 76排1列5层/ [索取号:O186.1-44/F902] | 在馆 | |
| 3 | 521223 | 205212232 | 自科库401/401自科库 76排1列5层/ [索取号:O186.1-44/F902] | 在馆 |